Advanced Engineering Electromagnetics / Constantine A.,Balanis (Registro nro. 21398)
[ vista simple ]
| 000 -LÍDER | |
|---|---|
| fixed length control field | 00341nam a2200121 4500 |
| 008 - ELEMENTOS DE LONGITUD FIJA -- INFORMACIÓN GENERAL | |
| fixed length control field | 0 1989 0a 000 0Usa |
| 020 ## - NÚMERO INTERNACIONAL NORMALIZADO PARA LIBROS | |
| ISBN | 88-33846 |
| 082 ## - NUMERO DE CLASIFICACION DECIMAL DEWEY | |
| Número de Clasificación | 537 B125a |
| 100 ## - ASIENTO PRINCIPAL--NOMBRE PERSONAL | |
| Nombre personal | Balanis, Constantine A. |
| 245 ## - TÍTULO | |
| Título | Advanced Engineering Electromagnetics / Constantine A.,Balanis |
| 260 ## - PUBLICACIÓN, DISTRIBUCIÓN, ETC. (PIE DE IMPRENTA) | |
| Lugar de publicación, distribución, etc. | Usa : Wiley |
| 300 ## - DESCRIPCIÓN FÍSICA | |
| Extensión | 981p. / 26cm |
| No. biblioteca | No. biblioteca | Número de clasificación | Código de barras/Número de adquisición | Número de copia | Tipo de material |
|---|---|---|---|---|---|
| LUIS G. INCLAN | LUIS G. INCLAN | 537 B125a | 13788 | 1 | 8 | Libros |
| LUIS G. INCLAN | LUIS G. INCLAN | 537 B125a | 14801 | 2 | 8 | Libros |
